Integrační procesy v Severní Americe: FTA.

Silnejúce regionálne procesy ako všeobecný prejav postupujúcej internacionalizácie. Analýza okolností, za ktorých vznikal základ integrácie v Severnej Amerike - kanadsko-americká FTA, charakteristika jej cieľov, efektov a ustanovení. Pokus načrtnúť vzťahy FTA k multilaterálnemu systému GATT, ako aj...

Descrizione completa

Salvato in:
Dettagli Bibliografici
Autore principale: Cihelková, Eva
Natura: Capitolo di libro
Lingua:ceco
Soggetti:
Tags: Aggiungi Tag
Nessun Tag, puoi essere il primo ad aggiungerne!!

MARC

LEADER 00000naa a2200000 4500
001 r011686
005 20220831090857.7
041 0 |a cze 
044 |a [CS] 
245 1 0 |a Integrační procesy v Severní Americe: FTA.  |c Eva Cihelková 
520 |a Silnejúce regionálne procesy ako všeobecný prejav postupujúcej internacionalizácie. Analýza okolností, za ktorých vznikal základ integrácie v Severnej Amerike - kanadsko-americká FTA, charakteristika jej cieľov, efektov a ustanovení. Pokus načrtnúť vzťahy FTA k multilaterálnemu systému GATT, ako aj prvé symptómy ekonomického dopadu dohody najmä na kanadské hospodárstvo. 
610 2 0 |a integrácia ekonomická medzinárodná 
610 2 0 |a USA 
610 2 0 |a Kanada 
610 2 0 |a FTA 
610 2 0 |a internacionalizácia ekonomiky 
610 2 0 |a GATT 
610 2 0 |a protekcionizmus 
610 2 0 |a obchod voľný 
610 2 0 |a politika zahraničnoobchodná 
100 1 |a Cihelková, Eva